Регионална библиотека "Любен Каравелов" - Русе

Ангола (Запис номер 397744)

MARC детайли
000 -Лидер
Контролно поле с фиксирана дължина nkm a22 a 4500
003 - Код на организацията, давaща контролен номер
Контролно поле BLK
005 - Дата и час на последна редакция
Контролно поле 20210217131252.0
008 - Елементи от данни с фиксирана дължина
fixed length control field 180408b bul|||||r ||||||| ||bul||
010 ## - Наследен системен номер
LC control number KNG00039755000
040 ## - Източник на каталожния запис
Идентификатор на билиотеката - собственик на записа BLK
041 ## - Код за език
Код за езика на текст/звукозапис или на отделно заглавие Руски
Код за езика КДБФ Руски
080 ## - УДК
Текстов определител УДК Социография. Социално положение. Условия на политическия и социалния живот. Социално и социално-икономическо положение на отделните страни, народи, раси. Социална география. (Общи въпроси)
УДК код - определител по УДК 308
УДК определител (673)
УДК - код + определител 308(673)
100 ## - Редна дума - Автор
R(LIN) 441672
Автор Дмитренко, Владислав
Авторска отговорност состав.
245 ## - Сведения за заглавието
Заглавие Ангола
Подзаглавни данни Народ, решивший стать свободным, непобедим
Редно поле (дума) состав. Владислав Дмитренко ; авторы текста Владислав Дмитренко, Василий Зубков, Михаил Кожухов ; фотогр. Владимир Первенцев
257 ## - Страна на издаване
Страна на създаване/издаване СССР
260 ## - Област на издателските данни
Място на издаване, разпространение и проч. Москва
Име на издателя, разпространителя и проч. Планета
Година на издаване 1987
9 (RLIN) 434166
300 ## - Физическа характеристика
Размери/Мащаб 26 см
Страници 184 с.
Илюстрации и др. с ил.
380 ## - Жанр
Жанр Обществени науки
651 #7 - Допълнително описание по предмет - топоним
9 (RLIN) 178533
Географско понятие Ангола
700 ## - Други автори (авторска отговорност)
9 (RLIN) 1581
Лично име Дмитренко, Владислав
Автороска отговорност (Описва отношението между автора и произведението) текст
700 ## - Други автори (авторска отговорност)
9 (RLIN) 1581
Лично име Зубков, Василий
Автороска отговорност (Описва отношението между автора и произведението) текст
700 ## - Други автори (авторска отговорност)
9 (RLIN) 1581
Лично име Кожухов, Михаил
Автороска отговорност (Описва отношението между автора и произведението) текст
700 ## - Други автори (авторска отговорност)
9 (RLIN) 1631
Лично име Первенцев, Владимир
Автороска отговорност (Описва отношението между автора и произведението) фотогр.
852 ## - Местоположение
Форматна сигнатура Цб ІІ 27423
Фондова буква Хранилище
856 4# - Електронен адрес и достъп
Електронен формат pdf - файл
856 4# - Електронен адрес и достъп
Електронен формат pdf - файл
999 ## - СИСТЕМНИ КОНТРОЛНИ НОМЕРА
Koha biblionumber 397744
Koha biblioitemnumber 397744
942 ## - АРТИКУЛИ
Вид на библиотечния материал Графични издания
Скрит в OPAC Не
Периодичен библиозапис Да
944 ## - СЪЗДАВАНЕ И РЕДАКЦИЯ на ЗАПИСА
Създаване/Редакция Създаване
Дата на регистрацията/редакция 2021-02-17
Служител, извършил регистрацията/редакцията ВЙ
999 ## - СИСТЕМНИ КОНТРОЛНИ НОМЕРА
Koha biblioitemnumber 397744
999 ## - СИСТЕМНИ КОНТРОЛНИ НОМЕРА
Koha biblioitemnumber 397744
999 ## - СИСТЕМНИ КОНТРОЛНИ НОМЕРА
Koha biblioitemnumber 397744
999 ## - СИСТЕМНИ КОНТРОЛНИ НОМЕРА
Koha biblioitemnumber 397744
Наличности
Код за отписване Код за изгубен артикул Източник на класификационната схема Код за повреда Коз за рестрикции Код за отдаване Артикулен № Име на библиотеката - собственик Име на библиотеката, в която се намира в момента Статус (Текущо местоположение) Дата на вписване в системата Местоположение - отдел Цена в лева Инвентарен номер Систематично азбучна сигнатура Баркод Цена в евро Служебен тип на артикула
  Не е изгубен Universal Decimal Classification Не е повреден само за читалня ползва се в читалня 812706 Регионална библиотека "Любен Каравелов" Русе Регионална библиотека "Любен Каравелов" Русе Хранилище 2021-02-18 Основен фонд - ползва се само за читалня 7.60 480152 Цб ІІ 27423 120000480152 3.89 Графични издания
Vip Innovations Ltd, Rousse, Bulgaria 2025